Capitale du Monde par Drapeaux - Statistiques

Statistiques générales
  • Ce quiz a été pris 115 fois
  • Le résultat moyen est 120 sur 196
Statistiques - réponses
Par images Réponse % Correct
Paris
90%
Rome
90%
Moscou
87%
Bucarest
85%
La Havane
85%
Oslo
82%
Prague
82%
Séoul
82%
Riga
80%
Dublin
78%
Panama
78%
Andorre-la-Vieille
77%
Minsk
77%
Bruxelles
75%
Buenos Aires
75%
Hanoï
75%
Mexico
75%
Ottawa
75%
Amsterdam
73%
Athènes
73%
Berlin
73%
Beyrouth
73%
Bloemfontein / Le Cap / Pretoria
73%
Copenhague
73%
Helsinki
73%
Kiev
73%
Stockholm
73%
Varsovie
73%
Vatican
73%
Alger
72%
Ankara
72%
Brasilia
72%
Jérusalem
72%
La Valette
72%
Le Caire
72%
Lima
72%
Luxembourg
72%
Monaco
72%
Oulan-Bator
72%
Rabat
72%
Saint Marin
72%
Santiago
72%
Sarajevo
72%
Sofia
72%
Tokyo
72%
Tunis
72%
Bern
70%
Budapest
70%
Kingston
70%
Pyongyang
70%
Reykjavik
70%
Téhéran
70%
Tripoli
70%
Vaduz
70%
Washington D.C
70%
Bogota
68%
Dakar
68%
Damas
68%
Djibouti
68%
Doha
68%
Erevan
68%
Islamabad
68%
Jakarta
68%
Kaboul
68%
Londres
68%
Madrid
68%
Manille
68%
Nairobi
68%
Pristina
68%
Quito
68%
Tirana
68%
Vienne
68%
Wellington
68%
Bagdad
67%
Bratislava
67%
Canberra
67%
Caracas
67%
Kinshasa
67%
New Delhi
67%
Yaoundé
67%
Lisbonne
65%
Phnom Penh
65%
Tallinn
65%
Tbilissi
65%
Abou Dabi
63%
Addis-Abeba
63%
Astana
63%
Asuncion
63%
Brazzaville
63%
N'Djaména
63%
Saint-Domingue
63%
Yamoussoukro
63%
Belgrade
62%
Katmandou
62%
Montevideo
62%
Ouagadougou
62%
Pekin
62%
Podgorica
62%
Port-au-Prince
62%
Riyad
62%
Taipei
62%
Vilnius
62%
Zagreb
62%
Accra
60%
Bangkok
60%
Ljubljana
60%
Mogadiscio
60%
Niamey
60%
Nouakchott
60%
Sanaa
60%
Skopje
60%
Sri Jayawardenapura Kotte / Colombo
60%
Abuja
58%
Bakou
58%
Bandar Seri Begawan
58%
Dacca
58%
Kampala
58%
Lilongwe
58%
Luanda
58%
Monrovia
58%
Nicosie
58%
Paramaribo
58%
Thimphou
58%
Vientiane
58%
Belmopan
57%
Chisinau
57%
Dili
57%
Mascate
57%
Singapour
57%
Achgabat
55%
Amman
55%
Asmara
55%
Bichkek
55%
Castries
55%
Freetown
55%
Koweït
55%
Kuala Lumpur
55%
Libreville
55%
Naypyidaw
55%
Praia
55%
Antananarivo
53%
Bangui
53%
Gaborone
53%
Kigali
53%
Lomé
53%
Managua
53%
Maputo
53%
Maseru
53%
Sao Tomé
53%
Tachkent
53%
Victoria
53%
Douchanbé
52%
Harare
52%
La Paz / Sucre
52%
Malabo
52%
Mbabane
52%
Nassau
52%
Port-d'Espagne
52%
Port-Louis
52%
Port Moresby
52%
Tegucigalpa
52%
Banjul
50%
Djouba
50%
Saint-Georges
50%
Bamako
48%
Bissau
48%
Guatemala
48%
Khartoum
48%
Majuro
48%
Malé
48%
Moroni
48%
Ngerulmud / Melekeok
48%
Saint John's
48%
San Jose
48%
San Salvador
48%
Apia
47%
Dodoma
47%
Gitega
47%
Kingstown
47%
Porto-Novo
47%
Manama
45%
Nuku'alofa
45%
Tarawa-Sud
45%
Windhoek
45%
Conakry
43%
Georgetown
43%
Yaren
43%
Bridgetown
42%
Roseau
42%
Funafuti
40%
Lusaka
40%
Palikir
40%
Suva
38%
Honiara
35%
Port-Vila
35%
Basseterre
33%
Aucun quiz correspondant
Distribution des résultats
% des personnes avec chaque résultat
Percentile par nombre de réponses
Votre historique - résultats
Vous n’avez pas pris ce quiz